000
00282nam a22001217a 4500
020
_a
9789381421628
082
_a
070.4
100
_a
Anant Chauhan Vishwendra
245
_a
Multimedia journalism
260
_a
New Delhi
_b
Random publications
_c
2012.
300
_a
296p
942
_c
BK
999
_c
2753
_d
2753